Inšpekcia práce a nelegálne zamestnávanie - zmeny

Zákon č. 125/ 2006 Z. z. o inšpekcii práce a o zmene a doplnení zákona č. 82/ 2005 Z. z. o nelegálnej práci a nelegálnom zamestnávaní a o zmene a doplnení niektorých zákonov v znení neskorších predpisov upravuje inšpekciu práce, ktorej prostredníctvom sa presadzuje ochrana zamestnancov pri práci a v...

Ausführliche Beschreibung

Gespeichert in:
Bibliographische Detailangaben
1. Verfasser: Trizuliak, Tibor
Format: Buchkapitel
Sprache:Slowakisch
Schlagworte:
Tags: Tag hinzufügen
Keine Tags, Fügen Sie das erste Tag hinzu!

MARC

LEADER 00000naa a2200000 4500
001 0314549
005 20260127082220.0
041 0 |a slo 
044 |a SK 
245 1 0 |a Inšpekcia práce a nelegálne zamestnávanie - zmeny  |c Tibor Trizuliak 
520 |a Zákon č. 125/ 2006 Z. z. o inšpekcii práce a o zmene a doplnení zákona č. 82/ 2005 Z. z. o nelegálnej práci a nelegálnom zamestnávaní a o zmene a doplnení niektorých zákonov v znení neskorších predpisov upravuje inšpekciu práce, ktorej prostredníctvom sa presadzuje ochrana zamestnancov pri práci a výkon štátnej správy v oblasti inšpekcie práce, vymedzuje pôsobnosť orgánov štátnej správy v oblasti inšpekcie práce a ich pôsobnosť pri výkone dohľadu podľa osobitného predpisu, ustanovuje práva a povinnosti inšpektora práce a povinnosti fyzickej osoby a právnickej osoby. Dochádza v rámci inšpekcie práce k zásadným zmenám? 
610 2 0 |a právo pracovné 
610 2 0 |a inšpekcia práce 
610 2 0 |a práca nelegálna 
610 2 0 |a ochrana pracovníkov 
610 2 0 |a zákony 
100 1 |a Trizuliak, Tibor